The noble scholar, jurist, historian


 His Excellency Dr. Abdul Wahhab bin Ibrahim Abu Sulaiman, may Allah have mercy on him.


 He was born in Umm Al-Qura in the year 1356 AH.

طبقات الصوفية : (Record no. 980)

MARC details
000 -LEADER
fixed length control field 01348cam a22002531ia4500
003 - CONTROL NUMBER IDENTIFIER
control field SA-RiAUC
005 - DATE AND TIME OF LATEST TRANSACTION
control field 20241007141733.0
008 - FIXED-LENGTH DATA ELEMENTS--GENERAL INFORMATION
fixed length control field 241001q19001999le g 000 0cara c
040 ## - CATALOGING SOURCE
Original cataloging agency SA-RiKSU
Language of cataloging ara
Transcribing agency SA-RiAUC
Description conventions rda
082 04 - DEWEY DECIMAL CLASSIFICATION NUMBER
Classification number 922.61
Assigning agency SA-RiAUC
090 ## - LOCALLY ASSIGNED LC-TYPE CALL NUMBER (OCLC); LOCAL CALL NUMBER (RLIN)
Classification number (OCLC) (R) ; Classification number, CALL (RLIN) (NR) 922.61
Local cutter number (OCLC) ; Book number/undivided call number, CALL (RLIN) م ن ا
100 1# - MAIN ENTRY--PERSONAL NAME
Personal name المناوي، محمد عبد الرؤوف بن تاج العارفين بن علي،
Dates associated with a name 952-1031 هجري
Relator term مؤلف.
245 10 - TITLE STATEMENT
Title طبقات الصوفية :
Remainder of title فهارس طبقات الصوفية الكبرى-الصغرى /
Statement of responsibility, etc. تأليف زين الدين محمد عبد الرؤوف المناوي ؛ تحقيق وإعداد محمد أديب الجادر.
264 #1 - PRODUCTION, PUBLICATION, DISTRIBUTION, MANUFACTURE, AND COPYRIGHT NOTICE
Place of production, publication, distribution, manufacture بيروت :
Name of producer, publisher, distributor, manufacturer دار صادر للطباعة والنشر،
Date of production, publication, distribution, manufacture, or copyright notice [بين 1900 و1999]
300 ## - PHYSICAL DESCRIPTION
Extent 5 مجلد
336 ## - CONTENT TYPE
Content type term نص
Content type code txt
Source rdacontent
Materials specified كتاب
337 ## - MEDIA TYPE
Media type term بدون وسيط
Media type code n
Source rdamedia
338 ## - CARRIER TYPE
Carrier type term مجلد
Carrier type code nc
Source rdacarrier
650 #7 - SUBJECT ADDED ENTRY--TOPICAL TERM
Topical term or geographic name entry element المتصوفون
Form subdivision تراجم
Source of heading or term aucsh
700 1# - ADDED ENTRY--PERSONAL NAME
Personal name الجادر، محمد أديب
Relator term محقق.
700 12 - ADDED ENTRY--PERSONAL NAME
Relationship information تحقيق لـ (عمل) :
Personal name المناوي، محمد عبد الرؤوف بن تاج العارفين بن علي،
Dates associated with a name 952-1031 هجري
Title of a work طبقات الصوفية : فهارس طبقات الصوفية الكبرى-الصغرى.
942 ## - ADDED ENTRY ELEMENTS (KOHA)
Source of classification or shelving scheme Dewey Decimal Classification
Koha item type Books
Suppress in OPAC No
949 ## - LOCAL PROCESSING INFORMATION (OCLC)
a SA-JeALM
d 241001
u mohamedma123
n 1
Holdings
Withdrawn status Lost status Source of classification or shelving scheme Materials specified (bound volume or other part) Damaged status Not for loan Home library Current library Date acquired Total checkouts Full call number Barcode Date last seen Price effective from Koha item type
    Dewey Decimal Classification الجزء الخامس (فهارس)     DR AbdElwahab Library DR AbdElwahab Library 10/07/2024   922.61 م ن ا 000001009 10/07/2024 10/07/2024 Books